Guess the Country by First letter of Other Countries #2 - Statistics

General Stats
  • This quiz has been taken 25 times
  • The average score is 5 of 6
Answer Stats
Hint Answer % Correct
This Country has the highest Population India
100%
Largest country in Africa by area Algeria
88%
Use the first letters of the countries above to make this country Italy
88%
The only country starting with this letter Yemen
88%
Most Southern Baltic State Lithuania
84%
70% desert 95.8% Muslim, was part of the Soviet Union Turkmenistan
76%
No matching quizzes found
Score Distribution
Percent of People with Each Score
Percentile by Number Answered
Your Score History
You have not taken this quiz